[Event "15. OIBM Bad Wiessee"]
[Site "Bad Wiessee"]
[Date "2011.11.05"]
[Round "9.21"]
[White "Kempter, Ronald"]
[Black "Smirnov, Artem"]
[Result "1-0"]
[WhiteElo "2248"]
[BlackElo "2444"]
[PlyCount "81"]
[EventDate "2011.??.??"]
[WhiteTeam "SK Krumbach"]

1. Nf3 Nf6 2. g3 b5 3. Bg2 Bb7 4. O-O e6 5. d4 c5 6. c3 Be7 7. Bg5 Na6 8. Qd3
Qb6 9. Nbd2 d5 10. Ne5 cxd4 11. cxd4 Nb4 12. Qb3 Nc6 13. Ndf3 h6 14. Bf4 Na5
15. Qd3 Nc4 16. b3 Nd6 17. a4 a5 18. Rfc1 O-O 19. g4 Rfc8 20. h4 bxa4 21. bxa4
Ba6 22. Qd1 Nfe4 23. Rab1 Qd8 24. Nc6 Qe8 25. Nxe7+ Qxe7 26. Qe1 Nc4 27. g5
hxg5 28. Nxg5 Nxg5 29. hxg5 Na3 30. Rb3 Nc2 31. Qd2 Nb4 32. Rbc3 f5 33. gxf6
Qxf6 34. Be5 Qf5 35. Rc7 Rxc7 36. Rxc7 Qb1+ 37. Kh2 Qh7+ 38. Bh3 Rf8 39. Rxg7+
Qxg7 40. Bxe6+ Kh7 41. Bxg7 1-0

[Event "15. OIBM Bad Wiessee"]
[Site "Bad Wiessee"]
[Date "2011.11.05"]
[Round "9.22"]
[White "Heimrath, Reiner"]
[Black "Siebrecht, Sebastian"]
[Result "1/2-1/2"]
[WhiteElo "2299"]
[BlackElo "2471"]
[PlyCount "79"]
[EventDate "2011.??.??"]
[WhiteTeam "SC Noris-Tarrasch Nürnberg 1873"]
[BlackTeam "Sportfreunde Katernberg 1913 e.V"]

1. c4 e5 2. Nc3 Nf6 3. Nf3 Nc6 4. g3 Bb4 5. Bg2 O-O 6. O-O Re8 7. Nd5 Bf8 8. d3
h6 9. h3 a5 10. b3 Nd4 11. e3 Nxf3+ 12. Qxf3 Nh7 13. Qd1 c6 14. Nc3 Nf6 15. e4
Bc5 16. Rb1 d6 17. Kh2 Bd4 18. Ne2 d5 19. f4 Bb6 20. fxe5 Rxe5 21. c5 Bc7 22.
Bb2 Re6 23. Nf4 d4 24. Nxe6 Bxe6 25. Bc1 Ng4+ 26. hxg4 Qh4+ 27. Kg1 Bxg3 28.
Rf5 g6 29. Rf3 Bxg4 30. Qd2 Bxf3 31. Bxf3 g5 32. Qe2 Re8 33. Bg4 Bh2+ 34. Qxh2
Qxg4+ 35. Qg2 Qd1+ 36. Qf1 Qg4+ 37. Qg2 Qd1+ 38. Qf1 Qg4+ 39. Qg2 Qd1+ 40. Qf1
1/2-1/2

[Event "15. OIBM Bad Wiessee"]
[Site "Bad Wiessee"]
[Date "2011.11.05"]
[Round "9.23"]
[White "Pezerovic, Edin"]
[Black "Scheckenbach, Franz"]
[Result "1-0"]
[WhiteElo "2455"]
[BlackElo "2178"]
[PlyCount "83"]
[EventDate "2011.??.??"]
[WhiteTeam "TV Tegernsee"]
[BlackTeam "SC Gröbenzell"]

1. d4 d5 2. Nf3 e6 3. Bf4 Bd6 4. Bg3 Nf6 5. e3 O-O 6. Bd3 c5 7. c3 Nc6 8. Nbd2
b6 9. Ne5 Bb7 10. O-O Qc7 11. f4 Ne7 12. Qf3 Ne8 13. Bh4 f5 14. Qh3 Nf6 15.
Ndf3 Ne4 16. Kh1 Bxe5 17. Nxe5 Ng6 18. Nf3 Nxh4 19. Qxh4 Rf6 20. Bxe4 dxe4 21.
Ne5 Ba6 22. Rfd1 Rd8 23. dxc5 bxc5 24. c4 Rff8 25. Qe1 Bc8 26. h3 Rd6 27. Rxd6
Qxd6 28. Rd1 Qc7 29. h4 Re8 30. Qd2 Qb6 31. b3 h6 32. Qd6 Qa5 33. Kh2 Qxa2 34.
Qc7 Rf8 35. Rd8 Rxd8 36. Qxd8+ Kh7 37. Nf7 Kg6 38. Qe8 Bd7 39. Ne5+ Kh7 40.
Nxd7 Qf2 41. Nf8+ Kh8 42. Ng6+ 1-0

[Event "15. OIBM Bad Wiessee"]
[Site "Bad Wiessee"]
[Date "2011.11.05"]
[Round "9.24"]
[White "Pohle, Dirk"]
[Black "Bluebaum, Matthias"]
[Result "0-1"]
[WhiteElo "2215"]
[BlackElo "2388"]
[PlyCount "96"]
[EventDate "2011.??.??"]
[WhiteTeam "SC Solingen 1928 e.V."]
[BlackTeam "SC Hansa Dortmund e.V."]

1. e4 e6 2. d4 d5 3. Nc3 Nf6 4. Bg5 dxe4 5. Nxe4 Be7 6. Bxf6 Bxf6 7. Nxf6+ Qxf6
8. Nf3 O-O 9. Bd3 c5 10. c3 cxd4 11. Nxd4 e5 12. Ne2 Nc6 13. Qc2 h6 14. O-O Bg4
15. Ng3 Rfd8 16. Bh7+ Kh8 17. Be4 Qg5 18. h3 Be6 19. Qa4 f5 20. h4 Qg6 21. Bc2
e4 22. Qb5 Qg4 23. Bd1 Qxh4 24. Qxb7 Ne5 25. Qc7 Nd3 26. Nh5 Qg5 27. f4 Qg6 28.
Be2 Nxb2 29. Qb7 Nc4 30. Rad1 Ne3 31. Rxd8+ Rxd8 32. Rf2 Ng4 33. Qe7 Re8 34.
Qh4 Nxf2 35. Qxf2 e3 36. Qf3 Bd7 37. Kh2 Bc6 38. Qf1 Rd8 39. Ng3 Qf6 40. Kh3
Qxc3 41. Nxf5 Bd7 42. g4 Bxf5 43. gxf5 Qc2 44. Kg4 Rd2 45. Kf3 Qxa2 46. f6 Rxe2
47. f7 Rf2+ 48. Kxe3 Qd2+ 0-1

[Event "15. OIBM Bad Wiessee"]
[Site "Bad Wiessee"]
[Date "2011.11.05"]
[Round "9.27"]
[White "Bakker, Theo"]
[Black "Kotainy, Jens"]
[Result "0-1"]
[WhiteElo "2139"]
[BlackElo "2406"]
[PlyCount "35"]
[EventDate "2011.??.??"]
[BlackTeam "Sportfreunde Katernberg 1913 e.V"]

1. d4 Nf6 2. Nf3 c5 3. c3 Qa5 4. dxc5 Qxc5 5. Bf4 d6 6. Nbd2 Nc6 7. e4 g6 8.
Be3 Qa5 9. Qb3 Bg7 10. h3 O-O 11. Be2 Qc7 12. O-O Be6 13. Qa3 d5 14. exd5 Nxd5
15. Bd4 Nf4 16. Rfe1 Nxd4 17. cxd4 Rfd8 18. Rac1 0-1

[Event "15. OIBM Bad Wiessee"]
[Site "Bad Wiessee"]
[Date "2011.11.05"]
[Round "9.29"]
[White "Müller, Ralf"]
[Black "Müller, Frank"]
[Result "1-0"]
[WhiteElo "2411"]
[BlackElo "2149"]
[PlyCount "29"]
[EventDate "2011.??.??"]
[WhiteTeam "SC Böblingen 1975 e.V."]
[BlackTeam "SV Castrop-Rauxel 1923"]

1. Nf3 Nf6 2. c4 g6 3. Nc3 d5 4. cxd5 Nxd5 5. Qb3 Nb6 6. d4 Be6 7. Qc2 Nc6 8.
e4 Bg4 9. d5 Nb4 10. Qb3 Bxf3 11. gxf3 Na6 12. Bb5+ Nd7 13. Bxd7+ Qxd7 14. Qxb7
Qc8 15. Qb5+ 1-0

[Event "15. OIBM Bad Wiessee"]
[Site "Bad Wiessee"]
[Date "2011.11.05"]
[Round "9.36"]
[White "Krüger, Rainer"]
[Black "Morawietz, Dieter"]
[Result "0-1"]
[WhiteElo "2196"]
[BlackElo "2432"]
[PlyCount "52"]
[EventDate "2011.??.??"]
[WhiteTeam "Erfurter SK"]
[BlackTeam "Klub Kölner SF e.V. 1"]

1. d4 Nf6 2. Nf3 d5 3. c4 e6 4. g3 Bb4+ 5. Bd2 Be7 6. Bg2 O-O 7. Qb3 c5 8. dxc5
Na6 9. cxd5 Nxc5 10. Qc2 exd5 11. Be3 Qa5+ 12. Nbd2 Bd7 13. O-O Rac8 14. Rfc1
Ng4 15. Bd4 Ne6 16. Nb3 Rxc2 17. Nxa5 Rxe2 18. Nxb7 Nxd4 19. Nxd4 Rxb2 20. Rc7
Bf6 21. Rxd7 Bxd4 22. Bxd5 Rxb7 23. Rxb7 Bxa1 24. Rxa7 Nxf2 25. Rd7 Ng4 26. a4
Nf6 0-1

[Event "15. OIBM Bad Wiessee"]
[Site "Bad Wiessee"]
[Date "2011.11.05"]
[Round "9.38"]
[White "Forchert, Martin"]
[Black "Juergens, Klaus"]
[Result "1-0"]
[WhiteElo "2420"]
[BlackElo "2155"]
[PlyCount "61"]
[EventDate "2011.??.??"]
[WhiteTeam "Bielefelder SK von 1883"]
[BlackTeam "SG Traunstein/Traunreut e.V."]

1. e4 c5 2. Nf3 Nc6 3. d4 cxd4 4. Nxd4 g6 5. Nc3 Bg7 6. Be3 Nf6 7. Bc4 O-O 8.
Bb3 d6 9. f3 Bd7 10. Qd2 Nxd4 11. Bxd4 b5 12. a4 bxa4 13. Nxa4 Bc6 14. Nc3 Qd7
15. O-O Rfb8 16. Ra5 Rb4 17. Bxf6 exf6 18. Rd1 f5 19. e5 Qc7 20. Nd5 Qxa5 21.
Qxb4 Qd8 22. exd6 Bxd5 23. Bxd5 Rb8 24. Qc5 Bxb2 25. Qxa7 Qb6+ 26. Qxb6 Rxb6
27. Bb3 Bf6 28. d7 Bd8 29. Re1 Kg7 30. Re8 Rb8 31. Kf1 1-0

[Event "15. OIBM Bad Wiessee"]
[Site "Bad Wiessee"]
[Date "2011.11.05"]
[Round "9.44"]
[White "Thiel, Kuno"]
[Black "Vatter, Hans-Joachim"]
[Result "1/2-1/2"]
[WhiteElo "2194"]
[BlackElo "2322"]
[PlyCount "115"]
[EventDate "2011.??.??"]
[WhiteTeam "SV Hennef 1927 e.V."]
[BlackTeam "SC Untergrombach 46"]

1. Nf3 c5 2. c4 Nc6 3. g3 g6 4. Bg2 Bg7 5. O-O e5 6. Nc3 Nge7 7. e3 d6 8. d4
exd4 9. exd4 cxd4 10. Nb5 Bg4 11. Bf4 Be5 12. Qd2 Bxf3 13. Bxf3 O-O 14. Bh6 Re8
15. h4 a6 16. Na3 Qb6 17. h5 Nf5 18. Rab1 Nxh6 19. Qxh6 Bg7 20. Qf4 Re5 21.
hxg6 fxg6 22. Kg2 Rf8 23. Qg4 Nb4 24. c5 Rxc5 25. Qe6+ Kh8 26. Rh1 Rxf3 27.
Qxg6 Kg8 28. Rxh7 Qc7 29. Kxf3 Qc6+ 30. Kg4 Qd7+ 31. Kf3 Qf5+ 32. Qxf5 Rxf5+
33. Kg4 Rxf2 34. Rhh1 d3 35. Nc4 d5 36. Ne3 Bxb2 37. Nd1 Rc2 38. Nxb2 d2 39. a3
Na2 40. Nd3 Nc3 41. Nb4 Nxb1 42. Nxc2 Nc3 43. Ne3 b5 44. Kf5 a5 45. Nd1 Nb1 46.
Rh2 b4 47. axb4 axb4 48. Nb2 Kf7 49. Ke5 Kg6 50. Kd4 Kf5 51. Kc5 Kg4 52. Kxb4
d4 53. Rh1 Nc3 54. Kc4 Kxg3 55. Kxd4 Kg2 56. Ra1 Ne2+ 57. Ke3 Nc1 58. Ra3
1/2-1/2

[Event "15. OIBM Bad Wiessee"]
[Site "Bad Wiessee"]
[Date "2011.11.05"]
[Round "9.31"]
[White "Carlstedt, Jonathan"]
[Black "Xiong, Ferdinand"]
[Result "1-0"]
[WhiteElo "2326"]
[BlackElo "1903"]
[PlyCount "61"]
[EventDate "2011.??.??"]
[WhiteTeam "SK Marmstorf GW Harburg"]
[BlackTeam "Schach-Club Vaterstetten"]

1. c4 Nf6 2. g3 g6 3. Bg2 Bg7 4. Nc3 O-O 5. e4 c5 6. Nge2 Nc6 7. d3 d6 8. a3
Ne8 9. Rb1 a5 10. Be3 Nd4 11. O-O Nc7 12. b4 axb4 13. axb4 Nce6 14. f4 Nxe2+
15. Nxe2 Ra2 16. Nc1 Ra3 17. Rf2 Nd4 18. Nb3 Nxb3 19. Rxb3 cxb4 20. Rxb4 Qa5
21. Rb1 Be6 22. Bf1 Bxc4 23. Bb6 Qc3 24. dxc4 Rfa8 25. Rc2 Qf6 26. Bf2 e5 27.
Qd2 Bh6 28. fxe5 Qg7 29. Qxd6 R3a6 30. Rb6 Ra5 31. Rxb7 1-0

[Event "15. OIBM Bad Wiessee"]
[Site "Bad Wiessee"]
[Date "2011.11.05"]
[Round "9.34"]
[White "de Andres Gonalons, Fernando"]
[Black "Rivas Pastor, Manuel"]
[Result "0-1"]
[WhiteElo "2137"]
[BlackElo "2559"]
[PlyCount "82"]
[EventDate "2011.??.??"]

1. d4 e6 2. c4 Bb4+ 3. Bd2 Qe7 4. Nf3 f5 5. g3 Nf6 6. Bg2 Bxd2+ 7. Qxd2 Ne4 8.
Qc2 b6 9. O-O Bb7 10. Nc3 O-O 11. Nxe4 Bxe4 12. Qc3 Nc6 13. e3 a5 14. Rfd1 Qb4
15. Rac1 Rfc8 16. Ne1 Bxg2 17. Kxg2 Qxc3 18. Rxc3 Kf7 19. Nf3 Kf6 20. d5 Nb4
21. dxe6 dxe6 22. a3 Na6 23. Rcd3 Nc5 24. R3d2 Ne4 25. Rd7 a4 26. Ne1 Nc5 27.
R7d2 Nb3 28. Rd7 Nc5 29. R7d2 Ne4 30. Rd7 Nd6 31. Rc1 Nb7 32. Nc2 Nc5 33. Rdd1
Nb3 34. Rb1 c5 35. Rd6 Na5 36. Rxb6 Nxc4 37. Rb5 Rab8 38. Rxb8 Rxb8 39. f3 Rd8
40. Rc1 Rd2+ 41. Kg1 Nxb2 0-1

[Event "15. OIBM Bad Wiessee"]
[Site "Bad Wiessee"]
[Date "2011.11.05"]
[Round "9.42"]
[White "Freundorfer, Josef"]
[Black "Wahlbom, Magnus"]
[Result "1/2-1/2"]
[WhiteElo "2185"]
[BlackElo "2288"]
[PlyCount "64"]
[EventDate "2011.??.??"]
[WhiteTeam "MTV Ingolstadt"]
[BlackTeam "R÷deby SK"]

1. e4 e6 2. d4 d5 3. Nc3 Bb4 4. e5 b6 5. Qg4 Bf8 6. f4 Ne7 7. Nf3 Nbc6 8. Be3
Bb7 9. Be2 Qd7 10. Qh3 O-O-O 11. g4 f6 12. a3 h5 13. Rg1 hxg4 14. Qxg4 Nf5 15.
Bf2 Kb8 16. Rd1 Nce7 17. Bd3 Rc8 18. b4 Re8 19. Rb1 Qc8 20. Qg2 Ba6 21. Qf1
Bxd3 22. Qxd3 Rh3 23. Bg3 Qd7 24. Qf1 Rh6 25. Kd2 Nc6 26. Bf2 Be7 27. Qd3 Reh8
28. Bg3 Rh3 29. Ne2 Qe8 30. c3 Qh5 31. Rbf1 Qh6 32. Kc2 Qh5 1/2-1/2

[Event "15. OIBM Bad Wiessee"]
[Site "Bad Wiessee"]
[Date "2011.11.05"]
[Round "9.43"]
[White "Pienabarca, Nicola"]
[Black "Bach, Matthias"]
[Result "0-1"]
[WhiteElo "2106"]
[BlackElo "2316"]
[PlyCount "68"]
[EventDate "2011.??.??"]
[BlackTeam "Hamburger SK von 1830 eV"]

1. d4 d6 2. Nf3 Nd7 3. c4 c5 4. d5 e5 5. dxe6 fxe6 6. e4 Be7 7. Nc3 Ngf6 8. g3
a6 9. Bh3 e5 10. Nd5 Nf8 11. Qa4+ Bd7 12. Bxd7+ N6xd7 13. Ne3 Ne6 14. Nd5 O-O
15. Qb3 b5 16. cxb5 c4 17. Qe3 Ndc5 18. O-O axb5 19. Bd2 Rf7 20. Bc3 Qf8 21.
Kg2 h6 22. h4 Rc8 23. Rad1 Nd3 24. b3 Rc5 25. bxc4 bxc4 26. Ne1 g5 27. Nxd3
cxd3 28. Nxe7+ Qxe7 29. Rxd3 gxh4 30. Rh1 Rg7 31. Kh2 hxg3+ 32. fxg3 Nf4 33.
Rd2 Qg5 34. Bb4 Qh5+ 0-1

[Event "15. OIBM Bad Wiessee"]
[Site "Bad Wiessee"]
[Date "2011.11.05"]
[Round "9.28"]
[White "Ortmann, David"]
[Black "Gschwendtner, Klaus"]
[Result "1/2-1/2"]
[WhiteElo "2355"]
[BlackElo "2112"]
[PlyCount "61"]
[EventDate "2011.??.??"]

1. Nf3 Nf6 2. c4 e6 3. g3 d5 4. Bg2 c6 5. b3 Nbd7 6. O-O Bd6 7. Bb2 O-O 8. d4
Re8 9. Ne5 Qc7 10. f4 Ne4 11. Qc2 f5 12. Rc1 Nxe5 13. fxe5 Be7 14. e3 Bg5 15.
Qe2 Qf7 16. a4 Bd7 17. Ba3 Be7 18. Bxe7 Rxe7 19. b4 a6 20. Bxe4 fxe4 21. Nd2
Qg6 22. Nb3 Rf8 23. Nc5 Qg5 24. Rf1 Bc8 25. Rxf8+ Kxf8 26. b5 Rf7 27. bxa6 b6
28. Nb7 Bxb7 29. axb7 Rxb7 30. Rb1 dxc4 31. Rf1+ 1/2-1/2

[Event "15. OIBM Bad Wiessee"]
[Site "Bad Wiessee"]
[Date "2011.11.05"]
[Round "9.30"]
[White "Welling, Gerard"]
[Black "Müller, Constantin"]
[Result "1-0"]
[WhiteElo "2322"]
[BlackElo "1863"]
[PlyCount "51"]
[EventDate "2011.??.??"]

1. d4 d5 2. Nf3 Nf6 3. e3 c6 4. c4 a6 5. Nbd2 Bg4 6. Be2 Nbd7 7. b3 e6 8. Bb2
Bd6 9. a3 b5 10. h3 Bh5 11. c5 Bc7 12. b4 a5 13. a4 Qb8 14. axb5 cxb5 15. bxa5
Bxf3 16. Bxf3 Bxa5 17. O-O O-O 18. Nb3 Bb4 19. Qd3 Qb7 20. Rfc1 Qc6 21. Be2
Rfb8 22. Rxa8 Qxa8 23. c6 Nf8 24. c7 Rc8 25. Qxb5 Bd6 26. Ra1 1-0

[Event "15. OIBM Bad Wiessee"]
[Site "Bad Wiessee"]
[Date "2011.11.05"]
[Round "9.37"]
[White "Engelbert, Christoph"]
[Black "Fedorovsky, Michael"]
[Result "0-1"]
[WhiteElo "2156"]
[BlackElo "2416"]
[PlyCount "64"]
[EventDate "2011.??.??"]

1. e4 c5 2. c3 d5 3. exd5 Qxd5 4. d4 g6 5. Nf3 Bg7 6. Na3 cxd4 7. Bc4 Qe4+ 8.
Be3 Nh6 9. cxd4 O-O 10. Qb3 Nc6 11. O-O Na5 12. Qd3 Bf5 13. Qxe4 Bxe4 14. Be2
Nf5 15. Ng5 Bd5 16. Bf3 Rfd8 17. Bxd5 Rxd5 18. Nf3 Nxd4 19. Nxd4 Bxd4 20. Bxd4
Rxd4 21. Rac1 Rd2 22. Rfe1 Rxb2 23. Rxe7 Rd8 24. g3 Rdd2 25. Nc4 Nxc4 26. Rxc4
Rxf2 27. Rc8+ Kg7 28. Rcc7 Rxa2 29. Rxb7 Rg2+ 30. Kf1 Raf2+ 31. Ke1 Rxh2 32.
Rxa7 Rf3 0-1

[Event "15. OIBM Bad Wiessee"]
[Site "Bad Wiessee"]
[Date "2011.11.05"]
[Round "9.40"]
[White "Pirrot, Dieter"]
[Black "Burchert, Wolfgang"]
[Result "1-0"]
[WhiteElo "2385"]
[BlackElo "2167"]
[PlyCount "45"]
[EventDate "2011.??.??"]

1. e4 c5 2. c3 d5 3. exd5 Qxd5 4. d4 Nc6 5. Nf3 Nf6 6. Be2 cxd4 7. cxd4 e6 8.
Nc3 Qd8 9. O-O Be7 10. Be3 O-O 11. Ne5 Nb4 12. Bf3 Nbd5 13. Qb3 Qb6 14. Qxb6
Nxb6 15. Rac1 Rd8 16. a4 Nbd5 17. Bg5 Kf8 18. Rfe1 Nxc3 19. bxc3 Nd5 20. Bxe7+
Kxe7 21. a5 Rb8 22. Rb1 Bd7 23. Bxd5 1-0

[Event "15. OIBM Bad Wiessee"]
[Site "Bad Wiessee"]
[Date "2011.11.05"]
[Round "9.45"]
[White "Wacker, Peter"]
[Black "Kick, Joachim"]
[Result "1-0"]
[WhiteElo "2270"]
[BlackElo "2151"]
[PlyCount "65"]
[EventDate "2011.??.??"]

1. e4 c5 2. Nf3 Nc6 3. Bb5 g6 4. Bxc6 dxc6 5. d3 Bg7 6. Nc3 Nf6 7. h3 O-O 8.
Be3 b6 9. Qd2 Re8 10. O-O e5 11. Nh2 Be6 12. f4 exf4 13. Bxf4 Nh5 14. Bg5 Qd4+
15. Rf2 Qb4 16. Qc1 Bd4 17. Nf3 Bxf2+ 18. Kxf2 f6 19. Bd2 c4 20. g4 Ng7 21. Nd5
Qf8 22. Nc7 cxd3 23. cxd3 c5 24. Nxa8 Rxa8 25. Bc3 Rd8 26. Qe3 Ne8 27. a3 Qd6
28. Rd1 Bc8 29. d4 cxd4 30. Rxd4 Qc7 31. e5 Rxd4 32. Qxd4 Bd7 33. exf6 1-0

[Event "15. OIBM Bad Wiessee"]
[Site "Bad Wiessee"]
[Date "2011.11.05"]
[Round "9.50"]
[White "Kröncke, Manfred"]
[Black "Lupor, Stefan"]
[Result "1/2-1/2"]
[WhiteElo "2108"]
[BlackElo "2280"]
[PlyCount "25"]
[EventDate "2011.??.??"]

1. e4 e6 2. d4 d5 3. exd5 exd5 4. Qf3 Nf6 5. h3 c5 6. Bb5+ Nc6 7. Ne2 Qb6 8.
Bxc6+ bxc6 9. dxc5 Bxc5 10. Nbc3 O-O 11. O-O Qb4 12. a3 Qc4 13. b3 1/2-1/2

[Event "15. OIBM Bad Wiessee"]
[Site "Bad Wiessee"]
[Date "2011.11.05"]
[Round "9.25"]
[White "Zenker, Ulrich"]
[Black "Kostic, Vladimir"]
[Result "0-1"]
[WhiteElo "2202"]
[BlackElo "2433"]
[PlyCount "100"]
[EventDate "2011.??.??"]
[WhiteTeam "SU Ebersberg-Grafing"]
[BlackTeam "SK München Südost e.V."]

1. e4 c5 2. Nf3 Nc6 3. Bb5 e6 4. Bxc6 bxc6 5. O-O f6 6. d3 d5 7. c4 Bd6 8. Nh4
Ne7 9. f4 O-O 10. Nc3 Bd7 11. Qf3 Kh8 12. Bd2 Be8 13. g4 Bc7 14. Rfd1 Kg8 15.
Na4 Qd6 16. Rac1 d4 17. Rf1 Nc8 18. Qg2 Nb6 19. Nxb6 axb6 20. a3 Qe7 21. f5 h6
22. fxe6 Qxe6 23. Nf5 Be5 24. Rf3 Bg6 25. Kh1 Ra7 26. h4 Rb8 27. g5 fxg5 28.
hxg5 h5 29. Nh4 Rf8 30. Rcf1 Rxf3 31. Rxf3 Be8 32. g6 Qg4 33. Qxg4 hxg4 34. Rf5
Bf6 35. Be1 Re7 36. Rf4 b5 37. Rxg4 Bd7 38. Rf4 bxc4 39. dxc4 Bg5 40. Rf7 Rxe4
41. Nf3 Be8 42. Rb7 Bf4 43. a4 Bxg6 44. a5 Bh5 45. Kg2 Re2+ 46. Kh3 g5 47. Bg3
Bxf3 48. Bxf4 gxf4 49. a6 Re5 50. Kh2 Re1 0-1

[Event "15. OIBM Bad Wiessee"]
[Site "Bad Wiessee"]
[Date "2011.11.05"]
[Round "9.32"]
[White "Lampert, Jonas"]
[Black "Lokander, Martin"]
[Result "1/2-1/2"]
[WhiteElo "2188"]
[BlackElo "2113"]
[PlyCount "180"]
[EventDate "2011.??.??"]
[WhiteTeam "Hamburger SK von 1830 eV"]
[BlackTeam "SK Rockaden"]

1. e4 e5 2. Nf3 Nc6 3. Bb5 a6 4. Ba4 Nf6 5. O-O Be7 6. Re1 b5 7. Bb3 O-O 8. a4
b4 9. d3 d6 10. a5 Be6 11. Nbd2 Qc8 12. Bc4 Re8 13. Nf1 Nd8 14. Ne3 Bxc4 15.
Nxc4 Ne6 16. d4 exd4 17. Nxd4 Bf8 18. Nf5 Nc5 19. Ng3 Ncxe4 20. Nxe4 Nxe4 21.
Be3 Qb7 22. Qf3 d5 23. Nd2 c5 24. Rad1 g6 25. h3 Qc6 26. Nxe4 Rxe4 27. Bg5 Rae8
28. Rxe4 Rxe4 29. Qf6 Qxf6 30. Bxf6 Re6 31. Bd8 d4 32. Kf1 f6 33. b3 Kf7 34.
Re1 c4 35. bxc4 Rc6 36. Bb6 Rxc4 37. Re2 Bh6 38. g3 f5 39. f4 Bg7 40. Kf2 Rc3
41. Rd2 Ke6 42. Bxd4 Bxd4+ 43. Rxd4 Rxc2+ 44. Ke3 b3 45. Rb4 b2 46. Kd4 Kf7 47.
Rb7+ Kf6 48. Rb6+ Kg7 49. Ke3 Rh2 50. Kf3 Kf7 51. h4 Kg7 52. Rb7+ Kh6 53. Ke3
Rc2 54. Kf3 Rh2 55. Ke3 Rc2 56. Kf3 Rd2 57. Ke3 Rd5 58. Rxb2 Rxa5 59. Rb7 Ra3+
60. Kf2 Ra2+ 61. Kf3 a5 62. Ra7 a4 63. Rc7 Rb2 64. Ra7 Rb3+ 65. Kg2 a3 66. Kh3
Rc3 67. Ra6 Kh5 68. Ra7 h6 69. Ra5 Rb3 70. Rc5 Rd3 71. Ra5 Rf3 72. Rc5 a2 73.
Ra5 g5 74. hxg5 hxg5 75. fxg5 Rf2 76. g4+ fxg4+ 77. Kg3 Rf3+ 78. Kg2 Rf5 79.
Rxa2 Kxg5 80. Ra8 Rf7 81. Ra5+ Kh4 82. Ra8 Rh7 83. Rb8 Rh6 84. Ra8 Rf6 85. Rb8
Rf7 86. Ra8 Rf5 87. Rg8 Rb5 88. Rh8+ Kg5 89. Rg8+ Kf4 90. Rf8+ Rf5 1/2-1/2

[Event "15. OIBM Bad Wiessee"]
[Site "Bad Wiessee"]
[Date "2011.11.05"]
[Round "9.35"]
[White "Kartsev, Soel"]
[Black "Kunin, Vitaly"]
[Result "0-1"]
[WhiteElo "2183"]
[BlackElo "2549"]
[PlyCount "64"]
[EventDate "2011.??.??"]
[WhiteTeam "SV Castrop-Rauxel 1923"]
[BlackTeam "Freibauer Mörlenbach-Birkenau"]

1. e4 c5 2. c3 Nf6 3. e5 Nd5 4. d4 cxd4 5. Nf3 e6 6. cxd4 d6 7. Bc4 Nc6 8. O-O
Be7 9. Qe2 O-O 10. Re1 b6 11. Nc3 Nxc3 12. bxc3 dxe5 13. dxe5 Bb7 14. Bd3 Re8
15. Rd1 Qc7 16. Bg5 Nxe5 17. Nxe5 Bxg5 18. Bxh7+ Kxh7 19. Rd7 Qxc3 20. Rad1 Bd5
21. Rxf7 Kg8 22. f4 Bf6 23. Rxf6 gxf6 24. Qg4+ Kf8 25. Nd7+ Kf7 26. f5 Rg8 27.
Qh5+ Ke7 28. Qh7+ Kd6 29. g3 Kc6 30. Qh6 Rxg3+ 31. hxg3 Qxg3+ 32. Kf1 Bc4+ 0-1

[Event "15. OIBM Bad Wiessee"]
[Site "Bad Wiessee"]
[Date "2011.11.05"]
[Round "9.41"]
[White "Schönberger, Peter"]
[Black "Rosen, Bernd"]
[Result "1/2-1/2"]
[WhiteElo "2163"]
[BlackElo "2361"]
[PlyCount "88"]
[EventDate "2011.??.??"]
[WhiteTeam "Caissa Schwarmstedt"]
[BlackTeam "Sportfreunde Katernberg 1913 e.V"]

1. e4 e6 2. d4 d5 3. Nd2 Nf6 4. e5 Nfd7 5. Bd3 c5 6. c3 Nc6 7. Ne2 cxd4 8. cxd4
f6 9. exf6 Nxf6 10. O-O Bd6 11. Nf3 Qc7 12. Bg5 O-O 13. Rc1 Bd7 14. Bb1 Ne4 15.
Be3 Be8 16. Ng3 Bg6 17. Bxe4 dxe4 18. Ng5 Rae8 19. Qb3 Qe7 20. N5xe4 Bb8 21.
Nc5 b6 22. Na6 Na5 23. Qb5 Bd6 24. Rfd1 Nb7 25. b4 Rc8 26. Qa4 h5 27. Qb3 h4
28. Ne2 h3 29. Ng3 Bxg3 30. hxg3 Be4 31. gxh3 Qf7 32. Bf4 Bd5 33. Qe3 Qf5 34.
Nc7 Rxc7 35. Rxc7 Qxh3 36. f3 Nd6 37. Rd2 Nf5 38. Qe5 Qh7 39. Rh2 Qg6 40. Rf2
Nh4 41. Rxg7+ Qxg7 42. Qxg7+ Kxg7 43. Be5+ Kg6 44. gxh4 Kh5 1/2-1/2

[Event "15. OIBM Bad Wiessee"]
[Site "Bad Wiessee"]
[Date "2011.11.05"]
[Round "9.46"]
[White "Schweiger, Georg"]
[Black "Beukema, Stefan"]
[Result "1-0"]
[WhiteElo "2162"]
[BlackElo "2259"]
[PlyCount "119"]
[EventDate "2011.??.??"]
[WhiteTeam "SU Ebersberg-Grafing"]

1. d4 Nf6 2. Nc3 d5 3. Bg5 Nbd7 4. e3 g6 5. f4 Bg7 6. Nf3 O-O 7. Bd3 c5 8. O-O
e6 9. Qd2 a6 10. a4 Qc7 11. Ne5 cxd4 12. exd4 Qb6 13. Be2 Ne4 14. Nxe4 dxe4 15.
Kh1 f6 16. Nc4 Qc6 17. Bh4 b6 18. Ne3 Bb7 19. c4 Rad8 20. b4 Bh6 21. Ng4 Bg7
22. Ne3 h6 23. d5 Qd6 24. Rad1 g5 25. Bg3 f5 26. dxe6 Qxe6 27. fxg5 Be5 28. c5
Kh7 29. Bc4 Qg6 30. Bxe5 Nxe5 31. Qxd8 Rxd8 32. Rxd8 Qxg5 33. Bg8+ Kh8 34. Rb8
Nc6 35. Rxb7 Kxg8 36. Nxf5 Qd2 37. Rg7+ Kh8 38. Rc7 Nd8 39. Nd6 Ne6 40. Rc8+
Kh7 41. Nxe4 Qd3 42. Ng3 bxc5 43. bxc5 h5 44. Re8 Nxc5 45. Re5 Nxa4 46. Rxh5+
Kg6 47. Rh4 Nc5 48. Rg4+ Kh7 49. Rf7+ Kh6 50. Nf5+ Kh5 51. h3 Qb1+ 52. Kh2 Qb8+
53. Ng3+ Kh6 54. Rf5 Qe8 55. Rh5+ Qxh5 56. Nxh5 Kxh5 57. Rc4 Ne4 58. Rxe4 a5
59. Ra4 Kg5 60. Kg3 1-0

[Event "15. OIBM Bad Wiessee"]
[Site "Bad Wiessee"]
[Date "2011.11.05"]
[Round "9.48"]
[White "Delitzsch, Juergen"]
[Black "Proschmann, Tino"]
[Result "0-1"]
[WhiteElo "2278"]
[BlackElo "2111"]
[PlyCount "98"]
[EventDate "2011.??.??"]
[WhiteTeam "TSV Bindlach Aktionär-Schachabte"]
[BlackTeam "SC 1911 Großröhrsdorf"]

1. d4 d5 2. c4 c6 3. Nf3 Nf6 4. Nc3 dxc4 5. a4 Bf5 6. Ne5 Nbd7 7. Nxc4 Nb6 8.
Ne5 a5 9. g3 e6 10. Bg2 Bb4 11. O-O O-O 12. e4 Bxc3 13. exf5 Bxd4 14. Nf3 e5
15. Qb3 Nfd5 16. Nxd4 exd4 17. Bxd5 Nxd5 18. Qxb7 Qb6 19. Qxb6 Nxb6 20. Bf4
Rfe8 21. Rfc1 Rec8 22. Bd6 Nd7 23. Rc4 c5 24. Rac1 f6 25. Bxc5 Ne5 26. R4c2 Nd3
27. Rd1 Rxc5 28. Rxc5 Nxc5 29. Rxd4 Rb8 30. Rd5 Nb3 31. Kf1 Rb4 32. Rb5 Kf7 33.
Rxb4 axb4 34. Ke2 Ke7 35. Kd3 Nc5+ 36. Kc4 Nxa4 37. b3 Nb2+ 38. Kxb4 Kd6 39.
Kb5 Ke5 40. g4 h6 41. Kc6 Nd3 42. h3 Kf4 43. Kd6 h5 44. f3 h4 45. Ke7 Kg3 46.
Kf8 Kxh3 47. Kxg7 Kg3 48. g5 fxg5 49. f6 Ne5 0-1